000 00258nam a22001097a 4500
008 170120b xxu||||| |||| 00| 0 eng d
020 _a9780803603653
041 _aeng
080 _26TH
_a618.2
245 _aDRUG GUIDE FOR NURSES
_cDEGLIN, J.H
942 _2udc
_cBK
999 _c3251
_d3251